00250nam a2200121Ia 4500100001400000650001200014654001600026245002900042260002700071082001000098300000800108546001200116 aMcgregor  aGeneral aEnterprises aHuman Side Of Enterprise bTata McGraw Hillc2001 a658.3 a246 aENGLISH